[Event "IECC KO email"]
[Site "IECC email"]
[Date "1999.10.24"]
[Round "?"]
[White "Metcalfe, Keith"]
[Black "Rellias, Paul V"]
[Result "1-0"]
[WhiteElo "1126"]
[BlackElo "920"]
[PlyCount "29"]
[EventDate "1999.??.??"]
[EventType "tourn (corr)"]
[EventRounds "6"]
[SourceTitle "Corr 2008"]
[Source "ChessBase"]
[SourceDate "2008.06.24"]
[SourceVersion "1"]
[SourceVersionDate "2008.06.24"]
[SourceQuality "1"]

1. e4 e5 2. Nf3 Nc6 3. Bc4 d6 4. 0-0 Be6 5. Bxe6 fxe6 6. c3 Nge7 7. Ng5 Qd7 8. Qh5+ g6 9. Qh3 0-0-0 10. Nf7 Rg8 11. Nxd8 Qxd8 12. Qxe6+ Qd7 13. Qxd7+ Kxd7 14. d3 h5 15. Bg5 1-0

[Event "IECC KO email"]
[Site "IECC email"]
[Date "1999.10.07"]
[Round "?"]
[White "Cortes, Jose"]
[Black "Metcalfe, Keith"]
[Result "0-1"]
[WhiteElo "1097"]
[BlackElo "1076"]
[PlyCount "68"]
[EventDate "1999.??.??"]
[EventType "tourn (corr)"]
[EventRounds "6"]
[SourceTitle "Corr 2008"]
[Source "ChessBase"]
[SourceDate "2008.06.24"]
[SourceVersion "1"]
[SourceVersionDate "2008.06.24"]
[SourceQuality "1"]

1. e4 e5 2. Nf3 Nc6 3. Bb5 a6 4. Ba4 Nf6 5. 0-0 b5 6. Bb3 Bc5 7. c3 Nxe4 8. Bd5 Nxf2 9. Rxf2 Bxf2+ 10. Kxf2 Qe7 11. Bxc6 dxc6 12. d4 e4 13. Bg5 f6 14. Nbd2 fxg5 15. Ne5 0-0+ 16. Kg1 Bf5 17. Qe2 c5 18. Nxe4 cxd4 19. cxd4 Rad8 20. Nc6 Qxe4 21. Qxe4 Bxe4 22. Nxd8 Rxd8 23. Kf2 Rxd4 24. Ke3 c5 25. g3 Bg6 26. a3 Rd3+ 27. Kf2 Rb3 28. a4 Rxb2+ 29. Kg1 b4 30. a5 Rb1+ 31. Rxb1 Bxb1 32. Kf1 b3 33. Ke1 b2 34. Kd1 Bd3 0-1

[Event "IECC KO email"]
[Site "IECC email"]
[Date "1999.10.07"]
[Round "?"]
[White "Metcalfe, Keith"]
[Black "Cortes, Jose"]
[Result "1-0"]
[WhiteElo "1000"]
[BlackElo "1143"]
[PlyCount "55"]
[EventDate "1999.??.??"]
[EventType "tourn (corr)"]
[EventRounds "6"]
[SourceTitle "Corr 2008"]
[Source "ChessBase"]
[SourceDate "2008.06.24"]
[SourceVersion "1"]
[SourceVersionDate "2008.06.24"]
[SourceQuality "1"]

1. e3 d5 2. Nf3 c5 3. d4 e6 4. c4 Nc6 5. cxd5 exd5 6. Bb5 Nge7 7. dxc5 Qa5+ 8. Nc3 a6 9. Be2 Qxc5 10. Bd2 Nf5 11. Qb3 d4 12. Nd5 Na5 13. Qa4+ Bd7 14. Qxa5 Bd6 15. Qxc5 Bxc5 16. Nc7+ Kd8 17. Nxa8 Re8 18. Rc1 b6 19. Ba5 Re6 20. Rxc5 bxa5 21. Rxf5 f6 22. Nxd4 Rd6 23. Rxa5 g6 24. 0-0 h5 25. Rxa6 Rd5 26. Rd1 Ke7 27. Ra7 f5 28. Nb6 1-0